España 71 (Record no. 101738)

MARC details
000 -LEADER
campo de control de longitud fija 00789nam a2200205 i 4500
001 - NÚMERO DE CONTROL
campo de control 101738
003 - IDENTIFICADOR DE NÚMERO DE CONTROL
campo de control ES-MaACL
005 - FECHA Y HORA DE LA ÚLTIMA TRANSACCIÓN
campo de control 20250901222850.0
007 - CAMPO FIJO DE DESCRIPCIÓN FÍSICA--INFORMACIÓN GENERAL
campo de control de longitud fija t|
008 - DATOS DE LONGITUD FIJA--INFORMACIÓN GENERAL
campo de control de longitud fija 051025s1971 sp ||||1| spa d
100 1# - ENTRADA PRINCIPAL--NOMBRE DE PERSONA
Nombre de persona Meilán Gil, José Luis.
9 (RLIN) 79838
245 10 - MENCIÓN DEL TÍTULO
Título España 71
Resto del título : el territorio, protagonista del desarrollo /
Mención de responsabilidad, etc. José Luis Meilán Gil.
260 ## - PUBLICACIÓN, DISTRIBUCIÓN, ETC.
Lugar de publicación, distribución, etc. Madrid :
Nombre del editor, distribuidor, etc. Consejo Superior de Cámaras de Comercio, Industria y Navegación de España,
Fecha de publicación, distribución, etc. 1971.
300 ## - DESCRIPCIÓN FÍSICA
Extensión 219 p. ;
Dimensiones 21 cm.
650 ## - PUNTO DE ACCESO ADICIONAL DE MATERIA--TÉRMINO DE MATERIA
Término de materia o nombre geográfico como elemento de entrada Descentralización administrativa-
Subdivisión geográfica España.
9 (RLIN) 11822
650 00 - PUNTO DE ACCESO ADICIONAL DE MATERIA--TÉRMINO DE MATERIA
Término de materia o nombre geográfico como elemento de entrada Desarrollo regional-
Subdivisión geográfica Francia.
9 (RLIN) 11813
710 2# - ENTRADA AGREGADA--NOMBRE DE ENTIDAD CORPORATIVA
Nombre de entidad corporativa o nombre de jurisdicción como elemento de entrada Consejo Superior de Cámaras Oficiales de Comercio, Industria y Navegación de España
9 (RLIN) 172319
852 ## - LOCALIZACIÓN
Ubicación ES-MaACL
Número de control de estantería C-42422
Holdings
Estatus retirado Estado de pérdida Estado de daño No para préstamo Biblioteca de origen Biblioteca actual Ubicación en estantería Fecha de adquisición Fuente de adquisición Total de préstamos Signatura topográfica completa Código de barras Visto por última vez Precio de reemplazo Tipo de ítem Koha
        Biblioteca del Ateneo de Madrid Biblioteca del Ateneo de Madrid Depósito 2 17/01/2008     C-42422 1106212 23/02/2023 23/02/2023 Libro impreso